000 00798nam a22002777a 4500
001 8066
003 FISKH
005 20250820111952.0
008 250820b cb ||||| |||| 00| 0 eng d
020 _a9788956353982
040 _aFISKH
_beng
_cFISKH
_dFISKH
050 _aPZ7
100 _aGrimm, Brother
245 _aThe spirit in the bottle /
_cBy Brother Grimm
250 _aFirst published by XACT, 2009
260 _aSeoul :
_be-future ,
_c2009.
300 _a26 pages :
_bcolor illustrations ;
_c20 cm .
490 _aMy First Classic Readers
_vLevel 3
505 _aI
521 8 _a450
_bLexile estimate
521 8 _aI
_bRaz-Plus
700 _aWilburn, Jason
_eSeries Editors
700 _aBosiak, Ian
_eSeries Editors
942 _2lcc
_cBK
_n0
999 _c8066
_d8066